[Event "AUTO-ADV-3048"]
[Site "http://www.queenalice.com/game.php?id=1246920"]
[Date "2014.1.10"]
[Round "1"]
[White "GKCaruanaPetrosian"]
[Black "edog"]
[Result "1-0"]
[WhiteElo "1717"]
[BlackElo "2004"]

1. e4 c6 2. Nf3 d5 3. e5 Bf5 4. c3 e6 5. d4 Nd7 6. Bd3 Bxd3 7. Qxd3 Ne7 8. Bg5
Qb6 9. b3 c5 10. O-O Nf5 11. Be3 cxd4 12. Bxd4 Nxd4 13. Qxd4 Bc5 14. Qa4 Rd8 15.
b4 Be7 16. Nbd2 O-O 17. Rac1 a6 18. Nb3 Nb8 19. Nbd4 Nc6 20. Rc2 Rc8 21. Rb2
Nxd4 22. cxd4 Rc4 23. a3 Rfc8 24. Qd7 R8c7 25. Qe8+ Bf8 26. h3 R4c6 27. Ng5 Re7
28. Qb8 Rcc7 29. Nxh7 Kxh7 30. Qxf8 Qxd4 31. Re2 Qd3 32. Re3 Qb5 33. Rg3 g6 34.
Rg4 Rc4 35. Qxe7 Rxg4 36. Qxf7+ Kh6 37. hxg4 Qc6 38. Qf6 1-0

[Event "AUTO-ADV-3048"]
[Site "http://www.queenalice.com/game.php?id=1246921"]
[Date "2014.1.10"]
[Round "1"]
[White "edog"]
[Black "Fauquinelle"]
[Result "0-1"]
[WhiteElo "1976"]
[BlackElo "1964"]

1. e4 d5 2. exd5 Qxd5 3. Nc3 Qd6 4. d4 Nf6 5. Nf3 Bg4 6. Be2 g6 7. O-O Bg7 8.
Be3 Nc6 9. Qd2 Rd8 10. Nb5 Qd7 11. c3 a6 12. Na3 O-O 13. Nc4 Nd5 14. Nce5 Nxe5
15. Nxe5 Bxe5 16. dxe5 Nxe3 17. Qxe3 Be6 18. Rfd1 Qc6 19. Bf3 Bd5 20. Bxd5 Rxd5
21. Rd2 Rfd8 22. Rad1 Rxd2 23. Rxd2 Rxd2 24. Qxd2 Qe4 25. Kf1 Qb1+ 26. Ke2 Qxa2
27. f4 Qc4+ 28. Ke3 f6 29. exf6 exf6 30. Qd8+ Kg7 31. Qe7+ Qf7 32. Qb4 Qe6+ 33.
Kf3 b6 34. Qd4 c5 35. Qa4 b5 36. Qc2 f5 37. g3 Qd5+ 38. Ke3 a5 39. b3 h6 40. h4
g5 41. hxg5 hxg5 42. fxg5 Kg6 43. g4 Kxg5 44. gxf5 Qxf5 45. Qg2+ Kf6 46. Qb2
Qe5+ 47. Kd3 Ke6 48. Qa3 b4 49. cxb4 Qd5+ 50. Kc2 axb4 51. Qa6+ Ke5 52. Qe2+
Qe4+ 53. Qxe4+ Kxe4 54. Kd2 Kd4 55. Kc2 Ke3 56. Kb2 Kd2 57. Kb1 Kc3 58. Kc1 Kxb3
0-1

[Event "AUTO-ADV-3048"]
[Site "http://www.queenalice.com/game.php?id=1246922"]
[Date "2014.1.10"]
[Round "1"]
[White "Fauquinelle"]
[Black "edog"]
[Result "1-0"]
[WhiteElo "1941"]
[BlackElo "1977"]

1. d4 d5 2. c4 c6 3. Nc3 Nf6 4. cxd5 cxd5 5. Bf4 Nc6 6. Nb5 Qa5+ 7. Nc3 e6 8. e3
Bb4 9. Qc2 Ne4 10. Ne2 O-O 11. a3 Bxc3+ 12. Nxc3 Bd7 13. Bd3 Nxc3 14. Qxc3 Qxc3+
15. bxc3 Na5 16. O-O Rfc8 17. Rfc1 Nb3 18. Rab1 Nxc1 19. Rxc1 b5 20. Bd6 a5 21.
Bc5 f6 22. Rb1 Rab8 23. h3 Kf7 24. g4 g6 25. f4 h5 26. Kg2 hxg4 27. hxg4 e5 28.
Kg3 exd4 29. exd4 Re8 30. Kf3 Bc6 31. f5 g5 32. Bd6 Rb7 33. Rh1 Kg7 34. Kf2 Rd7
35. Bc5 Rh8 36. Rxh8 Kxh8 37. Kg2 Kg7 38. Be2 Rb7 39. Kf2 Kf7 40. Bf3 Ke8 41.
Kg2 Kd7 42. Bf8 Kc8 43. Bd6 Rd7 44. Bc5 Kb7 45. Kf2 Kc8 46. Bb6 Rb7 47. Bxa5 Ra7
48. Bb4 Rf7 49. Bc5 Kc7 50. Bb4 Kb6 51. Bc5+ Ka5 52. Bb4+ Ka4 53. Bd1# 1-0

[Event "AUTO-OPEN-3162"]
[Site "http://www.queenalice.com/game.php?id=1246977"]
[Date "2014.1.10"]
[Round "1"]
[White "edog"]
[Black "goldenboy"]
[Result "1-0"]
[WhiteElo "1979"]
[BlackElo "2060"]

1. e4 e5 2. Nf3 Nc6 3. Bb5 Bc5 4. c3 Nf6 5. O-O O-O 6. Re1 d6 7. h3 Bd7 8. d4
exd4 9. cxd4 Bb4 10. Nc3 Re8 11. Bg5 h6 12. Bxf6 gxf6 13. a3 Bxc3 14. bxc3 Kh7
15. Bd3 Rg8 16. Nh4 Ne7 17. Qb3 Rb8 18. Qxf7+ Rg7 19. Qxf6 Bxh3 20. g3 Ng8 21.
e5+ Kh8 22. Ng6+ Kh7 23. Ne7+ Kh8 24. Nxg8 Kxg8 25. Qxh6 Bg4 26. e6 Qg5 27. Qxg5
Rxg5 28. Kg2 Re8 29. f4 Rh5 30. Bg6 Re7 31. Bxh5 Bxh5 32. d5 Bg4 33. Rab1 c6 34.
c4 Bf5 35. Rb3 cxd5 36. cxd5 b6 37. Kf3 Kf8 38. g4 Bc2 39. Rc3 Ba4 40. f5 Kg7
41. Kf4 Rb7 42. Kg5 Kh7 43. Rh1+ Kg7 44. f6+ 1-0

[Event "AUTO-OPEN-3162"]
[Site "http://www.queenalice.com/game.php?id=1246978"]
[Date "2014.1.10"]
[Round "1"]
[White "goldenboy"]
[Black "edog"]
[Result "0-1"]
[WhiteElo "2044"]
[BlackElo "1928"]

1. e4 c6 2. d4 d5 3. exd5 cxd5 4. Nf3 Nc6 5. c3 Bf5 6. Bb5 e6 7. Ne5 Qc7 8. Qa4
Ne7 9. Bf4 Qb6 10. Nd2 a6 11. Bxc6+ Nxc6 12. Nb3 Be7 13. O-O Rd8 14. Nxc6 bxc6
15. Na5 Rc8 16. b3 O-O 17. Rfe1 Bd3 18. b4 Qb5 19. Qxb5 cxb5 20. Rec1 Rfd8 21.
Nb7 Rd7 22. Nc5 Bxc5 23. bxc5 a5 24. a4 b4 25. cxb4 axb4 26. Ra2 Rb7 27. c6 Rb6
28. c7 b3 29. Rb2 Bc4 30. a5 Ra6 31. Ra1 Kf8 32. f3 f6 33. Kf2 Ke7 34. Ke3 Kd7
35. Kd2 Kc6 36. Kc3 Kb5 37. g4 Rxa5 38. Rxa5+ Kxa5 39. Rb1 Kb6 40. Ra1 h6 41.
Kb2 g5 42. Bg3 f5 43. Be5 Rg8 44. Ra4 fxg4 45. fxg4 Kb7 0-1

[Event "AUTO-OPEN-3162"]
[Site "http://www.queenalice.com/game.php?id=1246979"]
[Date "2014.1.10"]
[Round "1"]
[White "edog"]
[Black "Quiaseze"]
[Result "1-0"]
[WhiteElo "1894"]
[BlackElo "1788"]

1. e4 e5 2. Nf3 Qf6 3. Nc3 c6 4. d4 exd4 5. Nxd4 Bc5 6. Be3 Nh6 7. Be2 O-O 8.
O-O Re8 9. f4 b5 10. a3 d5 11. e5 Qg6 12. Bh5 Bg4 13. Bxg6 Bxd1 14. Bxf7+ Kxf7
15. Raxd1 Kg8 16. h3 Rf8 17. b4 Nf5 18. Nxf5 Bxe3+ 19. Nxe3 Nd7 20. Ne2 Rae8 21.
Nd4 Rc8 22. Rd2 Nb6 23. g3 Rc7 24. Ne6 1-0

[Event "AUTO-OPEN-3162"]
[Site "http://www.queenalice.com/game.php?id=1246980"]
[Date "2014.1.10"]
[Round "1"]
[White "Quiaseze"]
[Black "edog"]
[Result "0-1"]
[WhiteElo "1872"]
[BlackElo "1972"]

1. e4 c6 2. Bc4 d5 3. exd5 cxd5 4. Bb5+ Bd7 5. Nc3 Nf6 6. Qf3 e6 7. d3 Qa5 8.
Bxd7+ Nbxd7 9. Bd2 Be7 10. Nge2 O-O 11. O-O Rac8 12. a3 Ne5 13. Qg3 Nc6 14. Rfd1
Qb6 15. b4 d4 16. Na4 Qc7 17. Bf4 Qd7 18. Bh6 Ne8 19. b5 Na5 20. Rab1 b6 21. c4
dxc3 22. Naxc3 Rc5 23. a4 Rh5 24. Be3 Nf6 25. Ne4 Rc8 26. Nxf6+ Bxf6 27. Qg4 Rh4
28. Qg3 Nb7 29. d4 Nd6 30. Bg5 Bxg5 31. Qxg5 Rh6 32. Ng3 f6 33. Qg4 Rg6 34. Qf3
Rg5 35. Rbc1 Nc4 36. Ne4 Rd5 37. Qg3 Kf7 38. Qc3 Ke7 39. Rd3 Nd6 40. Qe1 Rxc1
41. Qxc1 Nxe4 42. f3 Rxd4 43. Rxd4 Qxd4+ 44. Kf1 Qf2# 0-1

[Event "AUTO-OPEN-3162"]
[Site "http://www.queenalice.com/game.php?id=1246981"]
[Date "2014.1.10"]
[Round "1"]
[White "edog"]
[Black "chessman"]
[Result "1/2-1/2"]
[WhiteElo "1925"]
[BlackElo "2004"]

1. e4 e6 2. d4 d5 3. Nc3 Nf6 4. e5 Nfd7 5. f4 c5 6. Nf3 Nc6 7. Be3 Nxd4 8. Nxd4
cxd4 9. Bxd4 Bc5 10. Qd2 Bxd4 11. Qxd4 Qb6 12. Qxb6 Nxb6 13. Nb5 O-O 14. Bd3 Bd7
15. Nd6 Bc6 16. Bb5 Nc8 17. Nxc8 Raxc8 18. Bxc6 Rxc6 19. Kd2 Rfc8 20. Rac1 Kf8
21. Rhf1 g6 22. Rf3 b5 23. c3 b4 24. g3 d4 25. h4 Ke7 26. a3 bxc3+ 27. bxc3 Rxc3
28. Rfxc3 dxc3+ 29. Rxc3 Rxc3 30. Kxc3 Kd7 31. Kc4 Kc6 32. a4 Kb6 33. Kb4 h5 34.
Kc4 a6 35. Kb4 a5+ 36. Kc4 1/2-1/2

[Event "AUTO-OPEN-3162"]
[Site "http://www.queenalice.com/game.php?id=1246982"]
[Date "2014.1.10"]
[Round "1"]
[White "chessman"]
[Black "edog"]
[Result "1-0"]
[WhiteElo "2012"]
[BlackElo "1897"]

1. e4 c6 2. d4 d5 3. Nc3 dxe4 4. Nxe4 Bf5 5. Nc3 Nf6 6. Bc4 e6 7. Nf3 Bd6 8. O-O
O-O 9. Nh4 Qc7 10. h3 Nbd7 11. Nxf5 Nb6 12. Nxd6 1-0

[Event "AUTO-OPEN-3074"]
[Site "http://www.queenalice.com/game.php?id=1248076"]
[Date "2014.1.15"]
[Round "2"]
[White "edog"]
[Black "popcorn"]
[Result "1/2-1/2"]
[WhiteElo "1997"]
[BlackElo "2198"]

1. e4 c5 2. Nf3 d6 3. d4 cxd4 4. Nxd4 Nf6 5. Nc3 g6 6. Be3 Bg7 7. f3 Nc6 8. Qd2
Bd7 9. O-O-O Rc8 10. g4 Ne5 11. h4 h5 12. g5 Nh7 13. f4 Ng4 14. Bg1 O-O 15. f5
Re8 16. Bh3 Ne5 17. fxg6 Nxg6 18. Bf5 Nhf8 19. Bxd7 Qxd7 20. Nf5 Bxc3 21. bxc3
Ne5 22. Qd5 Qa4 23. Nh6+ Kh7 24. Bd4 Qa3+ 25. Kb1 e6 26. Qb3 Qxb3+ 27. cxb3 f6
28. Bxe5 dxe5 29. Nf7 Rxc3 30. gxf6 Rc7 31. Nxe5 Ng6 32. Rd7+ Rxd7 33. Nxd7 b6
34. f7 Rd8 35. Nf6+ Kg7 36. Nxh5+ Kxf7 37. Rf1+ Ke7 38. Kc2 Nxh4 39. Nf4 Rd4 40.
Rh1 Nf3 41. Rf1 Ne5 42. Re1 Kd6 43. Kc3 Nc6 44. Nd3 Ke7 45. b4 b5 46. a3 Rc4+
47. Kb2 Kf6 1/2-1/2

[Event "AUTO-OPEN-3074"]
[Site "http://www.queenalice.com/game.php?id=1248077"]
[Date "2014.1.15"]
[Round "2"]
[White "popcorn"]
[Black "edog"]
[Result "1-0"]
[WhiteElo "2192"]
[BlackElo "2006"]

1. d4 c6 2. c4 d5 3. Nf3 Nf6 4. Nc3 dxc4 5. a4 e6 6. e4 Bb4 7. e5 Nd5 8. Bd2
Bxc3 9. bxc3 b5 10. Ng5 f5 11. exf6 Qxf6 12. Be2 Nf4 13. Ne4 Qh4 14. Bxf4 Qxf4
15. Bf3 O-O 16. O-O Nd7 17. Nc5 Nxc5 18. dxc5 e5 19. Bxc6 Rb8 20. axb5 Bb7 21.
Qd5+ Qf7 22. Bxb7 Rxb7 23. Qxf7+ Rfxf7 24. Ra5 Kf8 25. Re1 Rfe7 26. Re4 a6 27.
b6 Kf7 28. Rxc4 Re6 29. Rxa6 Rc6 30. f4 Ke6 31. Ra7 Rb8 32. Rxg7 Kd5 33. Ra4
Rxc5 34. Rxh7 Rxb6 35. c4+ Ke4 36. fxe5 Ke3 37. h3 Rxe5 38. Rc7 Rb1+ 39. Kh2 Rb2
40. Rg7 Kd4 41. c5+ Kd5 42. Ra5 Re1 43. Rg5+ Kc6 44. Ra6+ Kb7 45. Rb6+ Rxb6 46.
cxb6 Kxb6 47. h4 1-0

[Event "AUTO-OPEN-3074"]
[Site "http://www.queenalice.com/game.php?id=1248078"]
[Date "2014.1.15"]
[Round "2"]
[White "edog"]
[Black "BobGomes"]
[Result "1/2-1/2"]
[WhiteElo "2005"]
[BlackElo "1988"]

1. e4 e5 2. Nf3 Nf6 3. Nxe5 d6 4. Nf3 Nxe4 5. Qe2 Qe7 6. d3 Nf6 7. Nc3 Nc6 8.
Bg5 Qxe2+ 9. Bxe2 Be7 10. O-O O-O 11. Rfe1 Re8 12. Nb5 Bd8 13. Bxf6 gxf6 14.
Nfd4 Nxd4 15. Nxd4 c6 16. Bh5 Re5 17. Rxe5 fxe5 18. Nf3 Bf5 19. Re1 Bg6 20. Bxg6
hxg6 21. d4 f6 22. dxe5 fxe5 23. Nd2 Be7 24. f3 Rf8 25. Kf2 Kg7 26. c4 b6 27.
Ke3 Bg5+ 28. Kd3 Rh8 29. h3 Bf4 30. Ne4 d5 31. cxd5 cxd5 32. Nc3 Rd8 33. a3 Kf6
34. Ne2 Bh6 35. Nc3 a6 36. Nd1 Rc8 37. Nc3 Ke6 38. Ne2 b5 39. Nd4+ Kd6 40. Nb3
Bf4 41. Re2 Rc4 42. Re1 Rc7 43. Re2 Rc4 1/2-1/2

[Event "AUTO-OPEN-3074"]
[Site "http://www.queenalice.com/game.php?id=1248079"]
[Date "2014.1.15"]
[Round "2"]
[White "BobGomes"]
[Black "edog"]
[Result "1/2-1/2"]
[WhiteElo "2006"]
[BlackElo "1960"]

1. e4 c6 2. d4 d5 3. e5 Bf5 4. Nf3 e6 5. Bd3 Bxd3 6. Qxd3 Qa5+ 7. Bd2 Qa6 8.
Qxa6 Nxa6 9. a3 c5 10. dxc5 Bxc5 11. O-O Ne7 12. Nc3 Nc7 13. Rfe1 O-O 14. Be3
Bxe3 15. Rxe3 Rfd8 16. Rd1 Nf5 17. Red3 a6 18. Ne2 Nb5 19. a4 Na7 20. c4 Ne7 21.
Nc3 Nac6 22. cxd5 exd5 23. Nxd5 Nxd5 24. Rxd5 Rxd5 25. Rxd5 Rd8 26. Rxd8+ Nxd8
27. Nd4 Kf8 28. f4 Ke7 29. Kf2 f6 30. exf6+ gxf6 31. f5 Kd6 32. Ke3 Ke5 33. g4
Nf7 34. Nb3 Kd5 35. Nd2 Ne5 36. h3 b5 37. axb5 axb5 38. b3 Nd7 39. Ne4 Ke5 40.
Nc3 Nc5 41. b4 Na6 42. Nxb5 Nxb4 43. Nc7 Nd5+ 44. Nxd5 Kxd5 45. Kf4 h6 46. h4
Kd6 47. g5 fxg5+ 48. hxg5 hxg5+ 49. Kxg5 Ke7 50. Kg6 Kf8 51. f6 Kg8 52. Kg5 Kf7
53. Kf5 Kf8 54. Ke4 Kf7 55. Kf5 Kf8 56. Ke6 Ke8 57. Ke5 1/2-1/2

[Event "AUTO-ADV-3046"]
[Site "http://www.queenalice.com/game.php?id=1274865"]
[Date "2014.4.21"]
[Round "2"]
[White "maurice91"]
[Black "edog"]
[Result "1-0"]
[WhiteElo "1701"]
[BlackElo "1981"]

1. d4 d5 2. Nf3 Nf6 3. Bf4 g6 4. Nbd2 Bg7 5. h3 O-O 6. e3 Bf5 7. c3 Nbd7 8. Nb3
Rc8 9. Bd3 Bxd3 10. Qxd3 Ne4 11. Nbd2 Nxd2 12. Nxd2 c5 13. dxc5 Nxc5 14. Qe2 e5
15. Bh2 e4 16. O-O Nd3 17. Nb3 Rc7 18. Bxc7 Qxc7 19. f4 f5 20. Nd4 Qd7 21. Rfd1
Bxd4 22. cxd4 Rc8 23. Rxd3 Rc6 24. Rc3 Rxc3 25. bxc3 1-0

[Event "AUTO-ADV-3046"]
[Site "http://www.queenalice.com/game.php?id=1274866"]
[Date "2014.4.21"]
[Round "2"]
[White "edog"]
[Black "maurice91"]
[Result "1-0"]
[WhiteElo "1954"]
[BlackElo "1728"]

1. e4 c6 2. d4 d5 3. e5 Bf5 4. Nf3 h6 5. Be2 e6 6. O-O Bb4 7. c3 Ba5 8. Be3 Bxb1
9. Rxb1 Ne7 10. Qc2 Nf5 11. Bd2 Nd7 12. b4 Bb6 13. h3 O-O 14. Nh2 g5 15. Bd3 Kg7
16. f4 Rh8 17. Bxf5 exf5 18. Qxf5 Qe7 19. Ng4 Raf8 20. Nf6 Nxf6 21. fxg5 Ne4 22.
gxh6+ Kg8 23. Rf4 Rxh6 24. Rxe4 dxe4 25. Bxh6 Re8 26. Qg4+ Kh8 27. Qg7# 1-0

[Event "AUTO-ADV-3046"]
[Site "http://www.queenalice.com/game.php?id=1274867"]
[Date "2014.4.21"]
[Round "2"]
[White "NatanEstivallet"]
[Black "edog"]
[Result "0-1"]
[WhiteElo "2041"]
[BlackElo "1962"]

1. e4 e5 2. Nf3 Nc6 3. Bb5 a6 4. Bxc6 dxc6 5. d4 exd4 6. Qxd4 Qxd4 7. Nxd4 Bd7
8. Bd2 Bc5 9. Nb3 Bd6 10. Nc3 O-O-O 11. O-O-O Nf6 12. f3 Rhe8 13. Rhe1 Bxh2 14.
Bg5 Bg3 15. Re2 h6 16. Bxf6 gxf6 17. Kb1 Be6 18. Nd4 Bc4 19. Red2 Bf4 20. Rf2
Be3 0-1

[Event "AUTO-ADV-3046"]
[Site "http://www.queenalice.com/game.php?id=1274868"]
[Date "2014.4.21"]
[Round "2"]
[White "edog"]
[Black "NatanEstivallet"]
[Result "1-0"]
[WhiteElo "1961"]
[BlackElo "1998"]

1. d4 Nf6 2. c4 g6 3. Nc3 Bg7 4. e4 d6 5. Nf3 O-O 6. Be2 e5 7. d5 Nbd7 8. O-O a5
9. Be3 b6 10. Qd2 Nc5 11. Bg5 Bg4 12. Qe3 Qd7 13. h4 h6 14. Bxf6 Bxf6 15. Qxh6
Bg7 16. Qe3 Kh7 17. Ng5+ Kg8 18. f3 f6 19. fxg4 fxg5 20. Qxg5 Qe8 21. h5 gxh5
22. gxh5 Kh7 23. Rxf8 Qxf8 24. Qg6+ Kh8 25. Rf1 Qg8 26. Rf7 Rf8 27. Rxc7 Rf6 28.
Qg3 Qf8 29. Qh3 Bh6 30. Rc8 Be3+ 31. Kh1 1-0

[Event "AUTO-OPEN-3162"]
[Site "http://www.queenalice.com/game.php?id=1288666"]
[Date "2014.6.16"]
[Round "2"]
[White "GKCaruanaPetrosian"]
[Black "edog"]
[Result "1-0"]
[WhiteElo "1715"]
[BlackElo "1989"]

1. e4 c6 2. Nf3 d5 3. exd5 cxd5 4. d4 Nc6 5. Bb5 Nf6 6. O-O e6 7. c3 Be7 8. Nbd2
O-O 9. Re1 Bd7 10. Bd3 Bd6 11. Nf1 Ne7 12. Bg5 Ng6 13. h3 b5 14. Ne5 Rb8 15.
Nxg6 hxg6 16. Nd2 Be7 17. Nf3 b4 18. Ne5 Nh7 19. Bxe7 Qxe7 20. Bxg6 a5 21. Qh5
Nf6 22. Qh4 Qd8 23. Bc2 bxc3 24. bxc3 Rb2 25. Bd3 g6 26. Re3 Kg7 27. Rg3 Nh7 28.
Qg4 Nf6 29. Qg5 Ne4 30. Bxe4 dxe4 31. Qg4 Be8 32. h4 Qf6 33. h5 Rh8 34. f3 Rxh5
35. Qxh5 1-0

[Event "AUTO-OPEN-3162"]
[Site "http://www.queenalice.com/game.php?id=1288667"]
[Date "2014.6.16"]
[Round "2"]
[White "edog"]
[Black "GKCaruanaPetrosian"]
[Result "1-0"]
[WhiteElo "1984"]
[BlackElo "1720"]

1. e4 c5 2. Nf3 d6 3. d4 cxd4 4. Nxd4 Nf6 5. Nc3 g6 6. Be3 Bg7 7. a4 a6 8. Bc4
O-O 9. Qd2 Nbd7 10. O-O-O Ne5 11. Bb3 Rb8 12. Qe2 Qc7 13. f4 Neg4 14. f5 Nxe3
15. Qxe3 Bd7 16. Kb1 b5 17. axb5 axb5 18. Nd5 Nxd5 19. Bxd5 gxf5 20. exf5 Rfc8
21. Qg5 Kf8 22. Rhe1 e6 23. fxe6 Bxe6 24. Bxe6 Bxd4 25. Bxc8 Rxc8 26. Qh6+ Bg7
27. Qxd6+ Qxd6 28. Rxd6 Be5 29. Rxe5 1-0

[Event "AUTO-OPEN-3162"]
[Site "http://www.queenalice.com/game.php?id=1304013"]
[Date "2014.8.25"]
[Round "3"]
[White "edog"]
[Black "GKCaruanaPetrosian"]
[Result "0-1"]
[WhiteElo "2014"]
[BlackElo "1738"]

1. e4 e5 2. Nf3 Nc6 3. Bb5 a6 4. Ba4 Nf6 5. O-O b5 6. Bb3 Bc5 7. Re1 Ng4 8. d4
exd4 9. Nxd4 Nxf2 10. Bxf7+ Kf8 11. Kxf2 Bxd4+ 12. Kf1 Qh4 13. Qf3 Ke7 14. Nc3
Bxc3 15. bxc3 Rf8 16. Ke2 Rxf7 17. Qe3 d6 18. Bb2 Bg4+ 19. Kd2 Rf2+ 20. Kc1 Ne5
21. h3 Nc4 22. Qd4 Qg5+ 23. Kb1 Nd2+ 0-1

[Event "AUTO-OPEN-3162"]
[Site "http://www.queenalice.com/game.php?id=1304014"]
[Date "2014.8.25"]
[Round "3"]
[White "GKCaruanaPetrosian"]
[Black "edog"]
[Result "0-1"]
[WhiteElo "1765"]
[BlackElo "1987"]

1. d4 Nf6 2. Nf3 g6 3. c4 Bg7 4. g3 O-O 5. Bg2 d5 6. cxd5 Nxd5 7. O-O Nc6 8. Nc3
Bf5 9. Nxd5 Qxd5 10. Re1 Be4 11. e3 Rad8 12. a4 e5 13. Bd2 exd4 14. b4 dxe3 15.
Bxe3 Bxa1 16. Qxa1 Bxf3 17. Bxf3 Qxf3 18. Bh6 f6 19. b5 Ne5 20. Rxe5 Rd1+ 21.
Qxd1 Qxd1+ 22. Kg2 fxe5 23. Bxf8 Kxf8 0-1